[Event "IECG QF.2003.0.00043"]
[Site "IECG email"]
[Date "2003.08.16"]
[Round "1"]
[White "Cook, John E"]
[Black "Jibouleau, Jean"]
[Result "0-1"]
[WhiteElo "1106"]
[BlackElo "1058"]
[PlyCount "58"]
[EventDate "2003.08.16"]
[EventType "tourn (corr)"]
[EventRounds "6"]
[SourceTitle "Corr 2008"]
[Source "ChessBase"]
[SourceDate "2008.06.24"]
[SourceVersion "1"]
[SourceVersionDate "2008.06.24"]
[SourceQuality "1"]

1. d4 Nf6 2. Nc3 d5 3. h3 e6 4. e3 c5 5. Nf3 Nc6 6. a3 c4 7. b4 cxb3 8. cxb3 Qa5 9. b4 Bxb4 10. Bd2 Bxc3 11. Rb1 Ne4 12. Rb3 0-0 13. Bxc3 Nxc3 14. Qd2 Ne4 15. Qxa5 Nxa5 16. Rb1 Bd7 17. Bb5 Nc3 18. Rc1 Nxb5 19. Ne5 Bc6 20. Rc5 Nb3 21. Rc2 Nxa3 22. Rb2 Na1 23. Kd2 N1c2 24. g4 f6 25. Nxc6 Nc4+ 26. Kxc2 Nxb2 27. Ne7+ Kf7 28. Nxd5 exd5 29. Kxb2 Rfc8 0-1

[Event "IECG QF.2003.0.00043"]
[Site "IECG email"]
[Date "2003.08.16"]
[Round "?"]
[White "Cook, John E"]
[Black "Nittschalk, Karl"]
[Result "0-1"]
[WhiteElo "1106"]
[BlackElo "1173"]
[PlyCount "58"]
[EventDate "2003.08.16"]
[EventType "tourn (corr)"]
[EventRounds "6"]
[SourceTitle "Corr 2008"]
[Source "ChessBase"]
[SourceDate "2008.06.24"]
[SourceVersion "1"]
[SourceVersionDate "2008.06.24"]
[SourceQuality "1"]

1. e4 e5 2. Nf3 Nc6 3. Bc4 Nf6 4. Ng5 d5 5. exd5 Na5 6. Bb5+ Bd7 7. Bd3 h6 8. Ne4 Nxd5 9. Qh5 Qe7 10. c4 Nb4 11. Qe2 f5 12. Ng3 e4 13. Bxe4 fxe4 14. 0-0 Nc2 15. Qh5+ g6 16. Qxa5 Bg7 17. Qxc7 Bc6 18. Qxe7+ Kxe7 19. Nc3 Nxa1 20. Ncxe4 Nc2 21. b3 Bxe4 22. Nxe4 Kd7 23. Nc5+ Kc6 24. Ne6 Bf6 25. Nf4 g5 26. Nd5 Rhf8 27. d3 a5 28. Bd2 Bd4 29. a4 Rae8 0-1

[Event "IECG CF.2003.0.00050 email"]
[Site "IECG email"]
[Date "2003.08.03"]
[Round "?"]
[White "Cook, John E"]
[Black "Hackfeld, Michael"]
[Result "0-1"]
[WhiteElo "1106"]
[BlackElo "1149"]
[PlyCount "100"]
[EventDate "2003.08.03"]
[EventType "tourn (corr)"]
[EventRounds "6"]
[SourceTitle "Corr 2008"]
[Source "ChessBase"]
[SourceDate "2008.06.24"]
[SourceVersion "1"]
[SourceVersionDate "2008.06.24"]
[SourceQuality "1"]

1. e4 c5 2. Nf3 Nc6 3. Bc4 Nf6 4. 0-0 Nxe4 5. Re1 d5 6. Bd3 Nd6 7. Bf1 e6 8. d3 Be7 9. Bf4 0-0 10. Nc3 Qb6 11. b3 Qb4 12. Bd2 Qg4 13. h3 Qh5 14. Bf4 Bd7 15. a4 f6 16. g4 Qf7 17. Nd2 Ne5 18. Bg3 Nc6 19. Nf3 f5 20. Nb5 fxg4 21. hxg4 Nxb5 22. axb5 Qxf3 23. Qxf3 Rxf3 24. bxc6 bxc6 25. Bg2 Rf7 26. Be5 Bh4 27. Re2 Raf8 28. Rxa7 Be8 29. Rxf7 Kxf7 30. f4 Ke7 31. f5 Bf7 32. c4 Bf6 33. Bxf6+ Kxf6 34. fxe6 Bxe6 35. g5+ Kf7 36. Ra2 Rb8 37. Ra7+ Kg6 38. Ra6 Kxg5 39. Rxc6 Bf5 40. Rxc5 Rxb3 41. Rxd5 Rxd3 42. Rxd3 Bxd3 43. c5 Ba6 44. c6 Kf4 45. Bh3 g5 46. Bd7 Kf3 47. c7 Kg3 48. Bb5 Bc8 49. Bd3 h5 50. Bg6 h4 0-1

[Event "IECG QE.2003.0.00050"]
[Site "IECG email"]
[Date "2003.06.27"]
[Round "2"]
[White "Corallo, John"]
[Black "Cook, John E"]
[Result "0-1"]
[WhiteElo "1250"]
[BlackElo "1350"]
[PlyCount "83"]
[EventDate "2003.06.27"]
[EventType "tourn (corr)"]
[EventRounds "6"]
[SourceTitle "Corr 2008"]
[Source "ChessBase"]
[SourceDate "2008.06.24"]
[SourceVersion "1"]
[SourceVersionDate "2008.06.24"]
[SourceQuality "1"]

1. e4 e5 2. Nf3 Nc6 3. Nc3 a6 4. d4 exd4 5. Nxd4 Bc5 6. Nxc6 Qf6 7. Be3 Bxe3 8. fxe3 dxc6 9. Bc4 Qh4+ 10. g3 Qg5 11. Qf3 Qe7 12. Rf1 Nf6 13. 0-0-0 Bg4 14. Qf4 Bxd1 15. Rxd1 b5 16. Bd3 0-0-0 17. Qf5+ Kb7 18. e5 Nd5 19. Nxd5 Rxd5 20. Rf1 f6 21. Rf4 Rxe5 22. Re4 Rxe4 23. Qxe4 Qxe4 24. Bxe4 Re8 25. Bxh7 Rh8 26. Bf5 Rxh2 27. b3 Kb6 28. Kb2 Re2 29. e4 Kc5 30. g4 Kd4 31. a3 a5 32. Bd7 Rxe4 33. c3+ Kd5 34. Kc2 Re2+ 35. Kd3 Ra2 36. c4+ bxc4+ 37. bxc4+ Kc5 38. Ke4 Rxa3 39. Kf5 a4 40. Kg6 Rf3 41. Kxg7 a3 42. g5 0-1

[Event "IECG QE.2003.0.00050"]
[Site "IECG email"]
[Date "2003.06.27"]
[Round "2"]
[White "Jacques, John"]
[Black "Cook, John E"]
[Result "1-0"]
[WhiteElo "1300"]
[BlackElo "1350"]
[PlyCount "59"]
[EventDate "2003.06.27"]
[EventType "tourn (corr)"]
[EventRounds "6"]
[SourceTitle "Corr 2008"]
[Source "ChessBase"]
[SourceDate "2008.06.24"]
[SourceVersion "1"]
[SourceVersionDate "2008.06.24"]
[SourceQuality "1"]

1. e4 e5 2. Nf3 Nc6 3. Bb5 a6 4. Ba4 b5 5. Bb3 Bb4 6. c3 Bc5 7. 0-0 Nf6 8. h3 Nxe4 9. d4 exd4 10. cxd4 Bd6 11. Re1 f5 12. Ng5 Kf8 13. Qh5 Qf6 14. Nxh7+ Rxh7 15. Qxh7 Nxd4 16. Bd5 c6 17. Qh8+ Ke7 18. Nc3 Be5 19. Bxe4 fxe4 20. Nxe4 Qg6 21. Qh4+ Ke6 22. Ng5+ Kd5 23. Bf4 Bf6 24. Qg3 c5 25. Rac1 c4 26. Bb8 Rxb8 27. Qxb8 Qxg5 28. Rcd1 Kc6 29. Qxc8+ Kb6 30. Qb8+ 1-0

[Event "IECG QE.2003.0.00049"]
[Site "IECG email"]
[Date "2003.06.12"]
[Round "2"]
[White "Bidgood, Lee"]
[Black "Cook, John E"]
[Result "1-0"]
[WhiteElo "1385"]
[BlackElo "1350"]
[PlyCount "79"]
[EventDate "2003.06.12"]
[EventType "tourn (corr)"]
[EventRounds "6"]
[SourceTitle "Corr 2008"]
[Source "ChessBase"]
[SourceDate "2008.06.24"]
[SourceVersion "1"]
[SourceVersionDate "2008.06.24"]
[SourceQuality "1"]

1. d4 Nf6 2. c4 g6 3. Nc3 Bg7 4. e4 d6 5. Nf3 0-0 6. Be2 e5 7. Be3 Ng4 8. Bg5 f6 9. Bh4 Nd7 10. 0-0 g5 11. Bg3 c6 12. Qd2 a5 13. d5 Nc5 14. dxc6 bxc6 15. Rad1 d5 16. cxd5 cxd5 17. Qxd5+ Qxd5 18. Rxd5 Nd7 19. Rfd1 Nb8 20. Bc4 Be6 21. Rxa5 Rxa5 22. Bxe6+ Kh8 23. Bxg4 Re8 24. Nd2 Nc6 25. Bd7 Rb8 26. Bxc6 Rc5 27. Bd5 Rxb2 28. Ndb1 Rb4 29. f3 Rd4 30. Rc1 Rd3 31. Bf2 Rc7 32. Kf1 g4 33. Bb6 Rc8 34. Ke2 Bh6 35. Kxd3 Bxc1 36. fxg4 Rb8 37. Bc5 Rb2 38. a4 Rxg2 39. a5 Rxg4 40. Be7 1-0

[Event "IECG QE.2003.0.00049"]
[Site "IECG email"]
[Date "2003.06.12"]
[Round "2"]
[White "Radozycki, Tomasz"]
[Black "Cook, John E"]
[Result "1-0"]
[WhiteElo "1300"]
[BlackElo "1350"]
[PlyCount "45"]
[EventDate "2003.06.12"]
[EventType "tourn (corr)"]
[EventRounds "6"]
[SourceTitle "Corr 2008"]
[Source "ChessBase"]
[SourceDate "2008.06.24"]
[SourceVersion "1"]
[SourceVersionDate "2008.06.24"]
[SourceQuality "1"]

1. e4 e5 2. Nf3 Nc6 3. Bc4 Bc5 4. b4 Bxb4 5. c3 Bc5 6. d4 exd4 7. 0-0 dxc3 8. Bxf7+ Kxf7 9. Qd5+ Ke8 10. Qxc5 d6 11. Qxc3 Nf6 12. Bb2 Bg4 13. Nbd2 Rg8 14. e5 dxe5 15. Nxe5 Nd5 16. Qg3 Nxe5 17. Rfe1 Nf6 18. Nc4 Kf8 19. Nxe5 g5 20. Nxg4 Nxg4 21. Qf3+ Nf6 22. Bxf6 Qd7 23. Be7+ 1-0

[Event "IECG CE.2003.0.00054 email"]
[Site "IECG email"]
[Date "2003.05.29"]
[Round "?"]
[White "Cook, John E"]
[Black "Salzmann, Peter"]
[Result "1/2-1/2"]
[WhiteElo "1350"]
[BlackElo "1250"]
[PlyCount "81"]
[EventDate "2003.05.29"]
[EventType "tourn (corr)"]
[EventRounds "6"]
[SourceTitle "Corr 2008"]
[Source "ChessBase"]
[SourceDate "2008.06.24"]
[SourceVersion "1"]
[SourceVersionDate "2008.06.24"]
[SourceQuality "1"]

1. d4 Nf6 2. e3 d5 3. Bb5+ Nbd7 4. Nc3 c6 5. Bd3 e6 6. Bd2 e5 7. Bf5 Bd6 8. Nge2 0-0 9. Ng3 exd4 10. exd4 Re8+ 11. Nce2 Bxg3 12. hxg3 Nb6 13. Bd3 Nc4 14. Bc1 Bg4 15. c3 Bxe2 16. Bxe2 Qe7 17. b3 Nd6 18. Bg5 Nde4 19. Be3 Nxc3 20. Qd3 Nxe2 21. Kxe2 a5 22. a4 Ne4 23. Rh3 Qe6 24. Rah1 Qf6 25. Rxh7 Kf8 26. R7h3 Qg6 27. Ke1 f5 28. Kf1 Ke7 29. Bf4 Qe6 30. Be5 Nf6 31. Qd2 Kd7 32. Qg5 Re7 33. Rh8 Rxh8 34. Rxh8 Ng4 35. Rb8 Nxe5 36. Rxb7+ Ke8 37. Rxe7+ Qxe7 38. Qxe7+ Kxe7 39. dxe5 Ke6 40. f4 c5 41. Ke2 1/2-1/2

[Event "IECG CE.2003.0.00054 email"]
[Site "IECG email"]
[Date "2003.05.29"]
[Round "?"]
[White "Davies, Stephen"]
[Black "Cook, John E"]
[Result "0-1"]
[WhiteElo "1383"]
[BlackElo "1350"]
[PlyCount "62"]
[EventDate "2003.05.29"]
[EventType "tourn (corr)"]
[EventRounds "6"]
[SourceTitle "Corr 2008"]
[Source "ChessBase"]
[SourceDate "2008.06.24"]
[SourceVersion "1"]
[SourceVersionDate "2008.06.24"]
[SourceQuality "1"]

1. e4 e5 2. Nf3 d6 3. d4 exd4 4. Qxd4 Nc6 5. Bb5 Bd7 6. Bxc6 bxc6 7. c4 c5 8. Qd3 Nf6 9. Nc3 Bc6 10. Nd5 g6 11. Bg5 Bg7 12. 0-0 0-0 13. Rae1 Re8 14. e5 Bxd5 15. cxd5 dxe5 16. Rxe5 Rxe5 17. Nxe5 Qxd5 18. Qxd5 Nxd5 19. Nc4 h6 20. Bd2 Nb6 21. Na5 Re8 22. b3 Re2 23. Rd1 Bd4 24. Bxh6 Bxf2+ 25. Kf1 Rxa2 26. Nc6 Bh4 27. Be3 c4 28. bxc4 Nxc4 29. Bc5 a6 30. Nb4 Ra5 31. Bf2 Rf5 0-1

[Event "IECG CE.2003.0.00054 email"]
[Site "IECG email"]
[Date "2003.05.29"]
[Round "?"]
[White "Tortato, Lucio"]
[Black "Cook, John E"]
[Result "1-0"]
[WhiteElo "1290"]
[BlackElo "1350"]
[PlyCount "85"]
[EventDate "2003.05.29"]
[EventType "tourn (corr)"]
[EventRounds "6"]
[SourceTitle "Corr 2008"]
[Source "ChessBase"]
[SourceDate "2008.06.24"]
[SourceVersion "1"]
[SourceVersionDate "2008.06.24"]
[SourceQuality "1"]

1. d4 d5 2. c4 dxc4 3. Nf3 b5 4. a4 b4 5. e4 Ba6 6. Qc2 Nf6 7. Nbd2 e6 8. Bxc4 Bxc4 9. Qxc4 a5 10. 0-0 Be7 11. Re1 0-0 12. Nb3 c6 13. Bf4 Nfd7 14. Qc2 Nb6 15. Rac1 Qc8 16. Bxb8 Qxb8 17. Qxc6 Ra7 18. Qb5 Nd7 19. Qxb8 Rxb8 20. d5 exd5 21. Nfd4 Bg5 22. Rcd1 Raa8 23. Nc6 Rc8 24. exd5 Bf6 25. Nbxa5 Kf8 26. b3 Nc5 27. Re3 Re8 28. Rxe8+ Rxe8 29. Nxb4 h5 30. Nbc6 Ne4 31. Kf1 Bh4 32. g3 Be7 33. Nc4 Nd6 34. Nxe7 Kxe7 35. Re1+ Kd7 36. Nxd6 Rxe1+ 37. Kxe1 Kxd6 38. Kd2 Kxd5 39. Kd3 Kc5 40. Ke4 Kb6 41. Kd5 Kb7 42. Kd6 Kb6 43. b4 1-0

[Event "IECG QE.2003.0.00045"]
[Site "IECG email"]
[Date "2003.05.11"]
[Round "1"]
[White "Cook, John E"]
[Black "Van Dijk, Edgar"]
[Result "0-1"]
[WhiteElo "1350"]
[BlackElo "1231"]
[PlyCount "66"]
[EventDate "2003.05.11"]
[EventType "tourn (corr)"]
[EventRounds "6"]
[SourceTitle "Corr 2008"]
[Source "ChessBase"]
[SourceDate "2008.06.24"]
[SourceVersion "1"]
[SourceVersionDate "2008.06.24"]
[SourceQuality "1"]

1. d4 Nc6 2. e3 e5 3. a3 exd4 4. exd4 d5 5. Nf3 Be7 6. Bb5 Bd7 7. Qe2 Nf6 8. Bd3 0-0 9. h3 Re8 10. 0-0 Bxa3 11. Ne5 Nxd4 12. Qd1 Bd6 13. Nxd7 Qxd7 14. c3 Nc6 15. h4 Ne5 16. Be2 Bc5 17. b4 Bb6 18. Bg5 Ne4 19. Be3 Bxe3 20. fxe3 Ng3 21. Rf2 Nxe2+ 22. Qxe2 Ng4 23. Rf4 Nxe3 24. Qf2 a6 25. Ra2 Re7 26. Qf3 Rae8 27. Rf2 f5 28. Nd2 Ng4 29. Rf1 Re3 30. Qd1 Qd6 31. Qb3 Re1 32. g3 Qb6+ 33. Kg2 R8e2+ 0-1

[Event "IECG CE.2003.0.00052 email"]
[Site "IECG email"]
[Date "2003.05.08"]
[Round "?"]
[White "Cook, John E"]
[Black "Xyko, Kenny"]
[Result "0-1"]
[WhiteElo "1350"]
[BlackElo "1134"]
[PlyCount "88"]
[EventDate "2003.05.08"]
[EventType "tourn (corr)"]
[EventRounds "6"]
[SourceTitle "Corr 2008"]
[Source "ChessBase"]
[SourceDate "2008.06.24"]
[SourceVersion "1"]
[SourceVersionDate "2008.06.24"]
[SourceQuality "1"]

1. d4 Nf6 2. e3 d5 3. Bb5+ c6 4. Bd3 Bg4 5. Be2 Bxe2 6. Nxe2 e6 7. 0-0 Bd6 8. h3 Nbd7 9. c3 Qe7 10. a4 0-0 11. a5 c5 12. Nd2 Rfd8 13. Qc2 Bc7 14. Nf3 e5 15. Nh4 b6 16. Nf5 Qe6 17. a6 Ne4 18. Nh4 Qf6 19. Nf3 Rac8 20. Qb3 Qd6 21. Qc2 b5 22. Rd1 h6 23. b3 Qf6 24. Bb2 Nxf2 25. Rf1 Ne4 26. Nxe5 Qg5 27. Ng4 c4 28. bxc4 bxc4 29. Rf3 h5 30. Nf2 Ndf6 31. Rf1 Nxf2 32. R1xf2 Ne4 33. Rf1 Rd6 34. Ra1 Rb8 35. Nf4 Rb3 36. Ra2 Rdb6 37. Kh2 Qd8 38. Kg1 Qb8 39. Nxd5 Rxb2 40. Qxe4 Bh2+ 41. Kf1 Rb1+ 42. Ke2 R6b2+ 43. Qc2 Qb3 44. Rxb2 Rxb2 0-1

[Event "IECG CE.2003.0.00052 email"]
[Site "IECG email"]
[Date "2003.05.08"]
[Round "?"]
[White "Trevis, Robert R"]
[Black "Cook, John E"]
[Result "1-0"]
[WhiteElo "1387"]
[BlackElo "1350"]
[PlyCount "53"]
[EventDate "2003.05.08"]
[EventType "tourn (corr)"]
[EventRounds "6"]
[SourceTitle "Corr 2008"]
[Source "ChessBase"]
[SourceDate "2008.06.24"]
[SourceVersion "1"]
[SourceVersionDate "2008.06.24"]
[SourceQuality "1"]

1. c4 c5 2. Nf3 e6 3. e4 Nc6 4. Nc3 a6 5. d4 cxd4 6. Nxd4 e5 7. Nxc6 bxc6 8. Be2 Bc5 9. 0-0 Nf6 10. Qd3 h6 11. Qg3 Kf8 12. Qxe5 d6 13. Qg3 Rg8 14. Rd1 Be6 15. e5 Nd7 16. exd6 Nf6 17. a3 Qd7 18. b4 Bxd6 19. Qxd6+ Ke8 20. Bf3 Rc8 21. Qxd7+ Bxd7 22. Na4 Bf5 23. Nb6 Rc7 24. Bf4 Ra7 25. Bb8 Re7 26. Bxc6+ Kf8 27. Rd8+ 1-0

[Event "Detroit op"]
[Site "Detroit"]
[Date "2000.12.16"]
[Round "3"]
[White "Cook, John E"]
[Black "Hayley, Robert"]
[Result "0-1"]
[WhiteElo "1004"]
[BlackElo "1456"]
[PlyCount "45"]
[EventDate "2000.12.16"]
[EventType "swiss"]
[EventRounds "6"]
[EventCountry "USA"]
[SourceTitle "EXT 2007"]
[Source "ChessBase"]
[SourceDate "2006.11.23"]
[SourceVersion "1"]
[SourceVersionDate "2006.11.23"]
[SourceQuality "1"]

1. c4 g6 2. g3 Bg7 3. Bg2 e5 4. Nc3 d6 5. b3 Nf6 6. Bb2 0-0 7. e3 c6 8. Nge2 Be6 9. d3 Na6 10. 0-0 Rb8 11. f4 Ng4 12. Qd2 exf4 13. Nxf4 Re8 14. e4 Qb6+ 15. Kh1 Ne3 16. Rfe1 Nxg2 17. Kxg2 Bd7 18. Na4 Qd8 19. Bxg7 Kxg7 20. Rf1 c5 21. Nc3 Bc6 22. Nfd5 Nc7 23. Qb2 0-1